000 00760nam a2200217 i 4500
001 67081
003 ES-MaACL
005 20240305180122.0
007 t|
008 040504s2002 sp |||| | spa d
080 _a37(460)
080 _a373(460)
100 1 _aGómez Llorente, Luis.
_958013
245 1 3 _aEl retorno a la escuela discriminatoria
_b: análisis de un proyecto elitista, autoritario, clerical, privatizador /
_cLuis Gómez Llorente.
260 _aMadrid :
_bFederación de mRp de Madrid,
_c[2002]
300 _a39 p. ;
_c30 cm.
650 7 _aEnseñanza-
_zEspaña-
_yS.XX
_2
_9139558
710 2 _aFederación de Movimientos de Renovación Pedagógica (Madrid)
_9155564
852 _aES-MaACL
_j2166-F-22
999 _c67081
_d67081